000 01103nam a2200301 i 4500
003 DO-SdBNP
005 20250714084554.0
007 ta
008 250714s1999 dr 000 0 spa d
040 _aDO-SdBNP
_bspa
_cBNPHU
_erda
041 _aspa
082 _axxx
_bC392
_222
100 1 _aCela, Jorge
_97887
_eautor
_4aut.
245 1 0 _aViolencia en la República Dominicana /
_cJorge Cela ; presentación, Onofre Rojas
264 1 _aSanto Domingo :
_bCOPRYME,
_bEditora El Nuevo Diario,
_c1999.
300 _a116 páginas ;
_c22 cm.
336 _atexto
_btxt
_2rdacontent
337 _asin mediación
_bn
_2rdamedia
338 _avolumen
_bnc
_2rdacarrier
490 1 _aConversatorios de la reforma
_v11
500 _aConversatorio realizado los días 11 y 19 de febrero de 1999.
590 _aInventariado, 2025/ YL
700 1 _aRojas, Onofre
_epresentación
_4pr.
_931119
710 2 _aRepública Dominicana.
_bComisión Presidencial para la Reforma y Modernización del Estado (COPRYME)
_97089
830 0 _aConversatorios de la reforma
_v17
_916542
910 _aYLockward
942 _2ddc
_cLBS1
999 _c59518
_d59518